00257nam a22001097a 4500008004100000020001500041041000800056080000800064100000700072101000900079245005900088181001b xxu||||| |||| 00| 0 eng d a0023983000 aeng a370 a48 aEdu  aRhetorical Readdres For Esl Writers cRaphael .C.B